03211nam a2200361 i 4500001000700000003000500007005001700012008004100029017001700070020001800087035003300105035002200138040003000160080001100190100004000201245013800241250001200379260003400391300003300425336002200458337003000480338002400510490002700534504001900561520182600580650002202406830003502428852015802463903004002621942001802661999001902679952015102698194151RBPG20250708200001.0240305s2024 sp a e|| 000 0 spa c aCO 2108-2023 a9788419979094 a(ES-MaREB)ES-MaREB01942952-6 aES-VlRAB002106304 aRABELdBPLbglgcES-MaACL a316.75 aPutin Ghidini, Alessia9235814eaut10aCancelación : bmanual contra la dictadura de la ideología, el pensamiento binario y el odio político / cAlessia Putin Ghidini a1ª ed. aCórdoba : bSekotia, c2024 a299 páginas :bil ;c22 cm atexto2rdacontent asin mediación2rdamedia avolumen2rdacarrier1 aReflejos de actualidad aBibliografía3 aPúblico contra privado, empleados contra empresarios, mujeres contra hombres, ecologistas contra negacionistas....... El pensamiento binario invade el espacio político-social y ofrece como única solución el victimismo y la revancha. Los binaristas ahondan en las brechas de las identidades, de forma excluyente, para generar conflicto social y avivar las políticas del resentimiento y la venganza. La autocensura, el miedo a expresar opiniones contra el pensamiento políticamente correcto y la furia de las masas ocultas bajo perfiles de redes sociales, fomentan la cultura de la cancelación, el racismo ideológico y el movimiento woke. Cancelación se convierte en una brújula que identifica las dictaduras de las ideologías, el autoboicot occidental promovido en las universidades y el odio político, para ayudar a desactivarlos. Desmonta, uno a uno, los mitos y los dogmas del falso progresismo y sus manifestaciones más iliberales: aquellas tiranías de las minorías, disfrazadas de compasión e igualdad, que solo buscan polarizar y levantar muros. Cancelación es una oda a la tolerancia, al respeto y al diálogo que nos ofrece algo de esperanza y entusiasmo en medio de la esquizofrenia colectiva que nos rodea. Un manifiesto, detallado y fundamentado, que nos regala un mensaje optimista para las generaciones futuras e intenta frenar el suicidio de la sociedad occidental. «Alessia nos propone una reflexión sobre el mundo que nos rodea y sobre las cosas que, según dicen algunos, deben ser consideradas normas básicas de ilustración y comportamiento. Al hacerlo, y para dar profundidad a la reflexión, describe con claridad a unos y a otros, y argumenta sólidamente las propuestas que deberían ayudar a evitar el convencionalismo y sus peligros». Javier Rupérez 4aTolerancia917547 0aReflejos de actualidad9240715 aES-MaACLbR.155097cDEPOJjN-9880xEncuadernación rústica con solapasgDedicatoria autógrafa de la autorahDonación: Alessia Putin Ghdini9205805 9235814aPutin Ghidini, Alessiaednr n0cMONOGRAFIA c194151d194151 00102udc40708LibrosdedicadosaATENEOMbATENEOMcDEPOJd2025-05-25eDONACIONl0oN-9880p101230152r2025-05-25 00:00:00w2025-05-25yMONOGRAFIA